Fr. Conceicao Rodrigues College of Engineering

Deming Goldratt:The theory of constraints and the system of profound knowledge (Record no. 17899)

MARC details
000 -LEADER
fixed length control field 00385nam a2200145Ia 4500
082 ## - DEWEY DECIMAL CLASSIFICATION NUMBER
Classification number 658.1511
Item number LEP
100 ## - MAIN ENTRY--PERSONAL NAME
Personal name Lepore/Domenico/ cohen/Oded
245 ## - TITLE STATEMENT
Title Deming Goldratt:The theory of constraints and the system of profound knowledge
260 ## - PUBLICATION, DISTRIBUTION, ETC.
Name of publisher, distributor, etc. Productive and quality pub
Date of publication, distribution, etc. 1999
366 ## - TRADE AVAILABILITY INFORMATION
Publishers's discount category 20
300 ## - PHYSICAL DESCRIPTION
Extent 179
546 ## - LANGUAGE NOTE
Language note ENGLISH
-- Info.Tech
942 ## - ADDED ENTRY ELEMENTS (KOHA)
Koha item type BOOK
Holdings
Withdrawn status Lost status Damaged status Not for loan Collection Home library Current library Date acquired Source of acquisition Cost, normal purchase price Inventory number Total Checkouts Full call number Barcode Date last seen Cost, replacement price Price effective from Koha item type
        CRC Fr. Agnel's C.Rodrigues College of Engineering Fr. Agnel's C.Rodrigues College of Engineering 17/03/2023 Book Service Syndicate 236.00 58 dt 11.06.2014   658.1511 LEP 23192 17/03/2023 295.00   BOOK